banner-ar

MASTERING WORDPERFECT 6 FOR DOS / (Record no. 15715)

MARC details
000 -الفاتح
حقل البيانات ثابتة الطول 00511nam a2200181Ia 4500
008 - عناصر البيانات ثابتة الطول - معلومات عامة
حقل البيانات ثابتة الطول 140319s9999 xx 000 0 eng d
040 ## - مصدر الفهرسة
وكالة الفهرسة الأصلية GCL /
وكالة النسخ GCL
082 04 - رقم تصنيف ديوى العشرى
رقم التصنيف 652.5416
رقم المادة S M
100 1# - المدخل الرئيسى - إسم شخصى
الإسم الشخصى SIMPSON, ALAN
245 10 - بيان العنوان
العنوان MASTERING WORDPERFECT 6 FOR DOS /
بيان المسئوليه,etc SIMPSON, ALAN
260 ## - PUBLICATION, DISTRIBUTION, ETC. (IMPRINT)
تاريخ النشر أو التوزيع 1993
300 ## - الوصف المادى
التعداد 1254 PP
650 04 - المدخل الاضافى بالموضوع-مصطلح موضوعى
مصطلح موضوعي COMPUTER PROGRM
650 04 - المدخل الاضافى بالموضوع-مصطلح موضوعى
مصطلح موضوعي DOS DEVICE DRIVERS (COMPUTER PROGRAM )
650 04 - المدخل الاضافى بالموضوع-مصطلح موضوعى
مصطلح موضوعي POTECT SOFTWARE (COMPUTER PROGRAME )
942 ## - عناصر المدخل الإضافي( كوها)
مصدر التصنيف او مخطط الترفيف Dewey Decimal Classification
Koha [default] item type كتاب
260 ## - PUBLICATION, DISTRIBUTION, ETC. (IMPRINT)
-- [S.N] :
-- SYBEX ،
Holdings
حالة التراجع حالة الفقد حالة تلف ليس للاعارة المكان المؤقت الموقع الحالى تاريخ الاكتساب اجمالي اﻻعارات رقم الطلب الباركود تاريخ اخر مشاهدة تاريخ تفعيل السعر نوع وعاء كوها
        مكتبة القاهرة الكبرى مكتبة القاهرة الكبرى 03/26/2014   652.5416\S M 28972 03/26/2014 03/26/2014 كتاب

Powered By

EGPV